000 00804nas a2200229 4500
001 BR8300490
003 BR-BrBNA
005 20231205085421.0
007 ta
008 230509b bl.|||p| |||| 00| 00por d
040 _aBR-BrBNA
_bpor
_cBiblioteca Nacional de Agricultura
041 _a(Pt)
072 _aH10
100 1 _aPereira, R.P.
245 1 _aCaracteristicas morfologicas de Pseudaletia sequax Franclemont, 1951 (Lepidoptera, Noctuidae)
246 1 _aMorphological characteristics of Pseudaletia sequax Franclemont, 1951 (Lepidoptera, Noctuidae)
650 _aLEPIDOPTERO
650 _aBIOLOGIA
773 0 _tAnais da Sociedade Entomologica do Brasil (Brazil)
_xISSN 0301-8059
_g(1982), v. 11(1) p. 129-137
_wBR8300490
909 _a202311
_bLúcia
_c55
_dLúcia Elande
942 _2AGRIS
_n0
_cANA
999 _c111312
_d111312